000
00343nam a2200145Ia 4500
008
150301s2006 xx 000 0 und d
082
_a
610.07
_b
P06C
100
_a
CLEMENT,I
245
_a
PEDIATRIC NURSING
250
_a
1ST
260
_b
AP. JAIN & COMP.
_a
DELHI
_c
2006
300
_a
308
650
_a
PEDIATRIC NURSING
942
_2
ddc
_c
BK
_0
15
999
_c
6766
_d
6766